| 000 | 00681nam a22002057a 4500 | ||
|---|---|---|---|
| 003 | OSt | ||
| 005 | 20230302095235.0 | ||
| 008 | 221006b |||||||| |||| 00| 0 eng d | ||
| 040 | _cBiblioteca Lado V | ||
| 082 |
_a305.42 _bG643e |
||
| 100 |
_9779 _aGonzalez, Daniela _eautor |
||
| 245 | _aLa ex señorita/ | ||
| 260 |
_bEx Señorita _aCiudad de Panama _c2015 |
||
| 300 |
_c15x21cm _a30p. |
||
| 650 |
_2Tesauro de Arte & Arquitectura _aACTIVISMO |
||
| 650 |
_2Tesauro de Arte & Arquitectura _aARTE |
||
| 650 |
_2Tesauro de Arte & Arquitectura _aROLES DE GENERO |
||
| 650 |
_2Tesauro de Arte & Arquitectura _aFEMINISMO |
||
| 942 |
_2ddc _c1 _h305.42 _iG643e _n0 |
||
| 999 |
_c3117 _d3117 |
||